Normal view
MARC view
- Jotwani, Motilal
Entry Personal Name
001 - CONTROL NUMBER
- control field: 15345
003 - CONTROL NUMBER IDENTIFIER
- control field: NUST
005 - DATE AND TIME OF LATEST TRANSACTION
- control field: 20190622103639.0
008 - FIXED-LENGTH DATA ELEMENTS
- fixed length control field: 190622|| aca||aabn | a|a d
040 ## - CATALOGING SOURCE
- Original cataloging agency: NUST
- Transcribing agency: NUST
100 ## - HEADING--PERSONAL NAME
- Personal name: Jotwani, Motilal
670 ## - SOURCE DATA FOUND
- Source citation: Work cat.: (NUST): Jotwani, Motilal, Sufis of sindh /, 1997.
